000 00358nam a22001457a 4500
003 OSt
005 20160727222412.0
008 160624b xxu||||| |||| 00| 0 eng d
040 _cTest
100 _91018
_aCunliffe, J
245 _aPostman Pat's Treasure hunt
260 _aLon
_b Andre Deutsch
_c1981
300 _aPostman Pat's Treasure hunt
942 _2ddc
_cBK
999 _c812
_d812